| 000 | 00819nam a22001937a 4500 | ||
|---|---|---|---|
| 999 |
_c7223 _d7223 |
||
| 003 | AR-CdUCM | ||
| 008 | 190320b ||||| |||| 00| 0 spa d | ||
| 040 |
_aMUNICIPALIDAD PROVINCIAL DEL CUSCO _cBIBLIOTECA MUNICIPAL DEL CUSCO |
||
| 082 |
_a691 / _bE56 |
||
| 110 |
_aCEAC _920361 |
||
| 245 | _aMateriales para la Construccion / | ||
| 300 |
_a236 páginas ; _c24 cm. |
||
| 505 | _aContenido : Materiales para la Construccion -- Tecnica Constructiva -- Dibujos y Planos de Obra -- Modelos y Presupuestos de Obras -- Cubicaciones y Resistencias de Materiales -- Proyectos -- Historia de la Arquitectura -- Diccionario de la Construccion... | ||
| 650 |
_aAgregados de la Construccion _920362 |
||
| 650 |
_aMateriales de Construccion _919633 |
||
| 650 |
_aConstruccion Civil _919570 |
||
| 942 |
_2ddc _cLIBROS |
||
| 945 | _artm | ||